Tin học cơ sở /
Saved in:
| Main Author: | |
|---|---|
| Other Authors: | |
| Format: | Book (Paper) |
| Language: | Vietnamese |
| Published: |
Cà Mau :
Phương Đông,
2010.
|
| Subjects: | |
| Tags: |
Add Tag
No Tags, Be the first to tag this record!
|
| Institutions: | Thư viện Trường Đại học Đà Lạt |
|---|
| LEADER | 00764nam a2200313 4500 | ||
|---|---|---|---|
| 001 | DLU140160965 | ||
| 005 | ##20140319 | ||
| 040 | # | # | |a DLU |b vie |
| 041 | # | # | |a vie |
| 044 | # | # | |a vn |
| 082 | # | # | |a 005 |b NG-T |
| 100 | # | # | |a Nguyễn Kim Tuấn. |
| 245 | # | # | |a Tin học cơ sở / |c Nguyễn Kim Tuấn, Phương Lan. |
| 246 | # | # | |a Tin học và đời sống. |
| 260 | # | # | |a Cà Mau : |b Phương Đông, |c 2010. |
| 300 | # | # | |a tr. : |b minh hoạ ; |c 24 cm. |
| 650 | # | # | |a Công nghệ thông tin. |
| 700 | # | # | |a Phương Lan. |
| 923 | # | # | |a 06/2013 |
| 991 | # | # | |a GT |
| 992 | # | # | |a 82000 |
| 994 | # | # | |a DLU |
| 900 | # | # | |a True |
| 911 | # | # | |a Đào Thị Thu Huyền |
| 925 | # | # | |a G |
| 926 | # | # | |a A |
| 927 | # | # | |a SH |
| 980 | # | # | |a Thư viện Trường Đại học Đà Lạt |